LEADER 01017nam a2200265 i 4500 001 000000169055 003 CaOOAMICUS 005 20080207000000.0 008 080207s1985 it u000 u ita u 013 $a146458 020 $a88-04-31489-3 040 $aSeMil$bita 100 1 $aRobbins, Harold.$0(OLS)http://semarc/name/39162 245 12$aL'immortale /$cHarold Robbins ; traduzione di Mario Bonini. 260 $aMilano :$bArnoldo Mondadori Editore,$ccopyr. 1985. 300 $a253 p. ;$c20 cm. 490 0 $aBestsellers ;$v95 700 1 $aBonini, Mario.$0(OLS)http://semarc/name/19150 830 0$aBestsellers ;$v95.$0(OLS)http://semarc/title/21050 850 $aSeMil 852 $aSeMil$W1$xVenegono$y1$m1T III 38$j239633$B120034$CSeMilBibl$Z2$F131221 $81 961 $aOmaggio: Altro 996 $6020$a88-04-31489-3$9(OLS)http://semarc/number/63931 996 $6245$aL'immortale$9(OLS)http://semarc/title/241779 996 $6260$aMilano :$bArnoldo Mondadori Editore$9(OLS)http://semarc/publisher/30056 LEADER 01047nam a2200253 i 4500 001 000000055954 003 CaOOAMICUS 005 20071217000000.0 008 071217s1976 it u000 u ita u 013 $a27126 040 $aSeMil$bita 100 1 $aBadilini, Giliolo.$0(OLS)http://semarc/name/28198 245 10$aSantucci :$bfra provocazione e mistero /$cGiliolo Badilini. 260 $aMilano :$bI.P.L.,$ccopyr. 1976. 300 $a192 p. ;$c21 cm. 490 0 $aLa corona d'argento. Serie Novecento : Profili, Saggi, Ricerche 500 $aContiene : Nota bibliografica. 600 14$aSantucci, Luigi <1918-1999>.$0(OLS)http://semarc/subject/11375 830 3$aLa corona d'argento. Ser. Novecento.$0(OLS)http://semarc/title/7825 850 $aSeMil 852 $aSeMil$W1$xVenegono$y1$m1Q V 56$j22108$B22108$CSeMilBibl$Z2$F22110 $81 961 $aOmaggio: Poma mons. Gianfranco 996 $6245$aSantucci :$bfra provocazione e mistero$9(OLS)http://semarc/title/86892 996 $6260$aMilano :$bI.P.L.$9(OLS)http://semarc/publisher/34317 LEADER 01872nam a2200277 i 4500 001 000000028509 003 CaOOAMICUS 005 20200116145116.0 008 180830s2011 it u000 u ita u 040 $aSeMil$bita 100 1 $aCassiodorus, Flavius Magnus Aurelius,$d.$0(OLS)http://semarc/name/89183 245 10$aOpere /$cFlavio Magno Aurelio Cassiodoro ; a cura della Associazione culturale Cassiodoro, Squillace. 264 1$aMilano :$bJaca Book,$c2011- 300 $av. ;$c24 cm. 650 4$aCassiodoro, Flavio Magno Aurelio - Opere.$0(OLS)http://semarc/subject/5172 774 0 $aCassiodorus, Flavius Magnus Aurelius $tAnima.$dMilano : Jaca Book, 2013.$kBiblioteca di cultura medievale $z978-88-16-41189-0$w()220337 774 0 $aCassiodorus, Flavius Magnus Aurelius $tSalmi dell'Hallel.$dMilano : Jaca Book, 2011.$kBiblioteca di cultura medievale $kDi fronte e attraverso$z978-88-16-41116-6$w()227864 774 0 $aCassiodorus, Flavius Magnus Aurelius $tGrazie a te, Signore.$dMilano : Jaca Book, 2017.$kBiblioteca di cultura medievale $z978-88-16-41423-5$w()259056 774 0 $aCassiodorus, Flavius Magnus Aurelius $tConfido in te, Signore.$dMilano : Jaca Book, 2017.$kBiblioteca di cultura medievale $z978-88-16-41341-2$w()333775 774 0 $aCassiodorus, Flavius Magnus Aurelius $tSuppliche del popolo.$dMilano : Jaca Book, 2014.$kBiblioteca di cultura medievale $z978-88-16-41259-0$w()338883 830 0$aBiblioteca di cultura medievale .$0(OLS)http://semarc/title/530 900 1 $aCassiodoro. 996 $6245$aOpere$9(OLS)http://semarc/title/2208 996 $6264$aMilano :$bJaca Book$9(OLS)http://semarc/publisher/29781